Municipis de la comarca de la Garrotxa - Estadísticas

Estadísticas generales
  • Esta prueba ha sido intentada 44 veces
  • La puntuación promedio es 18 de 22
Respuestas en el mapa
Las respuestas están codificadas por una escala verde-roja en el mapa de la prueba según el % correcto abajo.
 
Estadísticas de respuestas
Respuesta % Correcto
Olot
100%
Besalú
96%
la Vall d'en Bas
96%
les Preses
96%
Castellfollit de la Roca
87%
la Vall de Bianya
87%
la Vall de Bianya
87%
Sant Joan les Fonts
87%
Santa Pau
83%
Sant Jaume de Llierca
83%
Montagut i Oix
78%
Riudaura
78%
Argelaguer
74%
Beuda
74%
les Planes d'Hostoles
74%
Sant Aniol de Finestres
74%
Mieres
70%
Sales de Llierca
70%
Sant Feliu de Pallerols
70%
Tortellà
70%
Maià de Montcal
65%
Sant Ferriol
65%
No se encontraron pruebas coincidentes
Distribución de puntuación
Porcentaje de gente con cada puntuación
Porcentaje por número respondido
Historial de tus puntuaciones
No has intentado esta prueba.